The haunted bridge (Record no. 8865)

MARC details
000 -LEADER
fixed length control field 00874nam a22002177a 4500
003 - CONTROL NUMBER IDENTIFIER
control field OSt
005 - DATE AND TIME OF LATEST TRANSACTION
control field 20260310062523.0
008 - FIXED-LENGTH DATA ELEMENTS--GENERAL INFORMATION
fixed length control field 260310b |||||||| |||| 00| 0 eng d
020 ## - INTERNATIONAL STANDARD BOOK NUMBER
International Standard Book Number 0-448-09515-7
040 ## - CATALOGING SOURCE
Original cataloging agency DWCL GS lib
Transcribing agency OC
082 ## - DEWEY DECIMAL CLASSIFICATION NUMBER
Edition number K26h 1972
100 ## - MAIN ENTRY--PERSONAL NAME
Personal name CAROLYN KEENE
245 ## - TITLE STATEMENT
Title The haunted bridge
Statement of responsibility, etc. CAROLYN KEENE
260 ## - PUBLICATION, DISTRIBUTION, ETC.
Place of publication, distribution, etc. New York
Name of publisher, distributor, etc. Grosset & Dunlap
Date of publication, distribution, etc. 1972
300 ## - PHYSICAL DESCRIPTION
Extent vii, 180 pages:
520 ## - SUMMARY, ETC.
Summary, etc. In The Haunted Bridge, Nancy Drew investigates strange happenings around an old bridge that is rumored to be haunted. She is asked to help a friend whose family is being troubled by mysterious accidents and frightening noises near the bridge.
546 ## - LANGUAGE NOTE
Language note English
650 ## - SUBJECT ADDED ENTRY--TOPICAL TERM
Source of heading or term Be observant and careful, Persevere until the problem is solved
650 ## - SUBJECT ADDED ENTRY--TOPICAL TERM
Source of heading or term Bravery and intelligence, Crime has consequences
942 ## - ADDED ENTRY ELEMENTS (KOHA)
Source of classification or shelving scheme Dewey Decimal Classification
Koha item type Fiction
Classification part Fic.
Suppress in OPAC No

No items available.